| 000 | 00483nam a22001577a 4500 | ||
|---|---|---|---|
| 005 | 20260423124149.0 | ||
| 008 | 260423b |||||||| |||| 00| 0 eng d | ||
| 020 | _a9780435913540 | ||
| 050 |
_aPR9387.9 _b.E46 |
||
| 100 | _aBuchi Emecheta | ||
| 245 | _aThe Joys of Motherhood | ||
| 260 |
_aLONDON _bPEARSON EDUCATION LIMITED _c2008 |
||
| 300 | _avii, 254p. | ||
| 650 |
_aEnglish Literature _vAfrican literature in English _xMotherhood and gender roles in African society |
||
| 942 | _cBK | ||
| 999 |
_c4689 _d4689 |
||